000 01050nam0a22003011 4500
001 rc\4351261
005 20250611161427.0
021 _aRU
_bРг634-60
035 _a(NLR Aleph) 008278841
090 _a8503554
_c8503554
100 _a20130416d1960 |||y0rusy50 ca
101 0 _arus
102 _aRU
105 _ay z |||||
200 1 _aЗаготовка лиственной древесины с биологической сушкой и сплав ее по молевым рекам
210 _aБ. м.
_cБ. и.
_d[1960]
215 _a19 л.
_d29
300 _aНапеч. на ротаторе
300 _aТекст на одной стороне листа
300 _aБез тит. л. и обл.
300 _aАвт. указан в конце текста
700 1 _4070
_7ca
_8rus
_aЕфимов
_bД. С.
_cконтролер лесосплава
_9259880
_3RU\NLR\AUTH\770259936
801 0 _aRU
_bNLR
_gpsbo
801 1 _aRU
_bELAR
_2rusmarc
852 _aNLR
_j60-8/11
942 _cBOOK
980 _aNB